000 00624nam a2200193Ia 4500
003 GCL
008 140319s9999 xx 000 0 ara d
040 _aGCL /
_cGCL
082 0 4 _a224
_bب ظ
100 1 _aالبدراوى زهران
245 1 0 _aظواهر قرآنية فى ضوء الدراسات اللغوية بين القدماء والمحدثين /
_cالبدراوى زهران
300 _a337
490 _aكتاب
_v0
650 0 4 _aالاصوات اللغوية
650 0 4 _aاللغة العربية
650 0 4 _aالقران - اعراب
650 0 4 _aالقران - الفاظ
942 _2ddc
_cBK
999 _c42850
_d42850